[Event "Paphos op 2nd"]
[Site "Paphos"]
[Date "2024.04.29"]
[Round "5"]
[White "Gorshtein, Ido"]
[Black "Baskin, Robert"]
[Result "1/2-1/2"]
[WhiteElo "2540"]
[BlackElo "2466"]
[PlyCount "40"]
[EventDate "2024.04.26"]
[EventType "swiss"]
[EventRounds "9"]
[EventCountry "CYP"]
[SourceTitle "CB19_2024"]
[SourceDate "2024.05.08"]
[SourceVersion "1"]
[SourceVersionDate "2024.05.08"]
[SourceQuality "1"]

1. c4 e6 2. Nc3 c5 3. Nf3 Nf6 4. g3 d5 5. cxd5 exd5 6. d4 Nc6 7. Bg2 cxd4 8. Nxd4 Bc5 9. Nb3 Bb6 10. 0-0 d4 11. Na4 0-0 12. Nxb6 axb6 13. e3 d3 14. Bd2 Bg4 15. f3 Be6 16. Bc3 Re8 17. Qd2 Nd5 18. Qxd3 Nxe3 19. Qxe3 Bxb3 20. Qf4 Ra4 1/2-1/2

[Event "Paphos op 2nd"]
[Site "Paphos"]
[Date "2024.04.28"]
[Round "4"]
[White "Kelires, Andreas"]
[Black "Gorshtein, Ido"]
[Result "1/2-1/2"]
[WhiteElo "2498"]
[BlackElo "2540"]
[PlyCount "48"]
[EventDate "2024.04.26"]
[EventType "swiss"]
[EventRounds "9"]
[EventCountry "CYP"]
[SourceTitle "CB19_2024"]
[SourceDate "2024.05.08"]
[SourceVersion "1"]
[SourceVersionDate "2024.05.08"]
[SourceQuality "1"]

1. e4 c6 2. d4 d5 3. e5 Bf5 4. h4 h5 5. Bd3 Bxd3 6. Qxd3 Qa5+ 7. Nd2 e6 8. Ngf3 Nh6 9. 0-0 Nf5 10. a4 Qa6 11. c4 Bb4 12. Qb3 Bxd2 13. Bxd2 dxc4 14. Qc2 Nd7 15. Bb4 Nb6 16. Bc5 Nd5 17. Rfd1 0-0-0 18. Ng5 Rd7 19. g3 b6 20. Ba3 Rhd8 21. Ne4 c5 22. Nd6+ Nxd6 23. exd6 Nb4 24. Qe2 Rxd6 1/2-1/2

[Event "Paphos op 2nd"]
[Site "Paphos"]
[Date "2024.04.27"]
[Round "2"]
[White "Kett, Timothy"]
[Black "Gorshtein, Ido"]
[Result "0-1"]
[WhiteElo "2122"]
[BlackElo "2540"]
[PlyCount "70"]
[EventDate "2024.04.26"]
[EventType "swiss"]
[EventRounds "9"]
[EventCountry "CYP"]
[SourceTitle "CB19_2024"]
[SourceDate "2024.05.08"]
[SourceVersion "1"]
[SourceVersionDate "2024.05.08"]
[SourceQuality "1"]

1. d4 Nf6 2. Nc3 d5 3. Bf4 c5 4. e3 cxd4 5. exd4 a6 6. Nf3 Bg4 7. h3 Bxf3 8. Qxf3 Nc6 9. Be5 e6 10. Bd3 Nd7 11. Qg3 Ndxe5 12. dxe5 d4 13. Ne2 Qa5+ 14. Kf1 Qxe5 15. Qxe5 Nxe5 16. Nxd4 Rd8 17. Nf3 Nxd3 18. cxd3 Rxd3 19. Ke2 Rd8 20. Ne5 Bd6 21. Nc4 Bc7 22. a4 Ke7 23. Rhd1 Rxd1 24. Rxd1 Rc8 25. Rd3 Bf4 26. Nb6 Rc2+ 27. Kf3 Bd6 28. a5 f5 29. g4 g6 30. Na4 Be5 31. Rb3 Bd4 32. Rxb7+ Kf6 33. Nb6 h5 34. gxh5 Kg5 35. h4+ Kxh4 0-1

[Event "Paphos op 2nd"]
[Site "Paphos"]
[Date "2024.04.26"]
[Round "1"]
[White "Gorshtein, Ido"]
[Black "Yildirim, Kemal"]
[Result "1-0"]
[WhiteElo "2540"]
[BlackElo "1999"]
[PlyCount "85"]
[EventDate "2024.04.26"]
[EventType "swiss"]
[EventRounds "9"]
[EventCountry "CYP"]
[SourceTitle "CB19_2024"]
[SourceDate "2024.05.08"]
[SourceVersion "1"]
[SourceVersionDate "2024.05.08"]
[SourceQuality "1"]

1. d4 Nf6 2. c4 e6 3. Nf3 Bb4+ 4. Nbd2 0-0 5. a3 Be7 6. e4 d6 7. Be2 Nc6 8. 0-0 a5 9. b3 e5 10. d5 Nb8 11. Ne1 c6 12. Nd3 b5 13. a4 bxc4 14. bxc4 Ne8 15. Ra3 Na6 16. Kh1 f5 17. f4 cxd5 18. cxd5 exf4 19. Nxf4 Nc5 20. exf5 Bxf5 21. Nf3 Bf6 22. Be3 Rb8 23. Nd4 Rb1 24. Qd2 Ne4 25. Qa2 Rxf1+ 26. Bxf1 Bxd4 27. Bxd4 Bg4 28. g3 g5 29. Qg2 N8f6 30. h3 Bf5 31. Ne6 Bxe6 32. dxe6 d5 33. Rf3 Qe7 34. Bd3 Qxe6 35. g4 Nd7 36. Rxf8+ Nxf8 37. Qh2 Nd7 38. Qc7 Qf7 39. Kg2 h6 40. Qxa5 Ndf6 41. Qd8+ Ne8 42. a5 Nd2 43. Bf5 1-0

[Event "Titled Tuesday intern op 16th Apr Late"]
[Site "Chess.com INT"]
[Date "2024.04.16"]
[Round "2"]
[White "De Boer, Eelke"]
[Black "Gorshtein, Ido"]
[Result "1/2-1/2"]
[WhiteElo "2399"]
[BlackElo "2540"]
[PlyCount "147"]
[EventDate "2024.04.16"]
[EventType "swiss (blitz)"]
[EventRounds "11"]
[EventCountry "USA"]
[SourceTitle "CB17_2024"]
[SourceDate "2024.04.24"]
[SourceVersion "1"]
[SourceVersionDate "2024.04.24"]
[SourceQuality "1"]

1. e4 e5 2. Nf3 Nc6 3. Bb5 a6 4. Ba4 Nf6 5. 0-0 Be7 6. d3 b5 7. Bb3 0-0 8. Nc3 d6 9. a3 Na5 10. Ba2 Be6 11. Bg5 Bxa2 12. Rxa2 Qd7 13. Bxf6 Bxf6 14. Nd5 Bd8 15. Ne3 Nc6 16. c3 Ne7 17. d4 Qe6 18. Ra1 c6 19. Qd3 Bb6 20. Rfd1 Rfd8 21. d5 Qc8 22. dxc6 Bxe3 23. Qxe3 Qxc6 24. Rd3 f6 25. Rad1 Rd7 26. Qd2 Rad8 27. Qe3 d5 28. exd5 Rxd5 29. h3 Rxd3 30. Rxd3 Rxd3 31. Qxd3 Qd5 32. Qxd5+ Nxd5 33. g3 Kf7 34. Kf1 Nb6 35. Ne1 Na4 36. Nd3 e4 37. Nb4 Nxb2 38. Nxa6 Na4 39. Ke2 Nxc3+ 40. Ke3 f5 41. g4 g6 42. gxf5 gxf5 43. f3 exf3 44. Kxf3 Nb1 45. Nc7 Nxa3 46. Nd5 Nc4 47. Nb4 Nd6 48. Kf4 Ke6 49. h4 Kf6 50. Nd5+ Kg6 51. Ke5 Nc4+ 52. Ke6 Kh6 53. Kxf5 Kh5 54. Nf6+ Kxh4 55. Nxh7 b4 56. Ke4 b3 57. Kd3 Kg4 58. Nf6+ Kf5 59. Nd5 Ke5 60. Nc3 b2 61. Nb1 Kd5 62. Kc3 Kc5 63. Kb3 Kb5 64. Kc3 Kc5 65. Kb3 Kd4 66. Kc2 Ke3 67. Kc3 Ke2 68. Kxc4 Kd1 69. Kb3 Kc1 70. Ka2 Kc2 71. Na3+ Kc1 72. Nb1 Kc2 73. Na3+ Kc1 74. Nb1 1/2-1/2

[Event "Titled Tuesday intern op 16th Apr Late"]
[Site "Chess.com INT"]
[Date "2024.04.16"]
[Round "5"]
[White "Firouzja, Alireza"]
[Black "Gorshtein, Ido"]
[Result "1/2-1/2"]
[WhiteElo "2760"]
[BlackElo "2540"]
[PlyCount "171"]
[EventDate "2024.04.16"]
[EventType "swiss (blitz)"]
[EventRounds "11"]
[EventCountry "USA"]
[SourceTitle "CB17_2024"]
[SourceDate "2024.04.24"]
[SourceVersion "1"]
[SourceVersionDate "2024.04.24"]
[SourceQuality "1"]

1. e4 e5 2. Nf3 Nc6 3. Bb5 a6 4. Ba4 Nf6 5. 0-0 b5 6. Bb3 Bc5 7. c3 d6 8. d3 0-0 9. a4 Rb8 10. axb5 axb5 11. Re1 h6 12. h3 Bb6 13. Na3 Ne7 14. d4 b4 15. Nc4 bxc3 16. bxc3 exd4 17. cxd4 d5 18. Nxb6 Rxb6 19. e5 Ne4 20. Ba3 Be6 21. Bc2 Qd7 22. Bxe4 dxe4 23. Rxe4 Rd8 24. Bc5 Rb3 25. Re3 Rb7 26. Rea3 Nf5 27. Ra8 Bd5 28. Rxd8+ Qxd8 29. Qd3 g6 30. Nd2 Ng7 31. Ne4 Ne6 32. Nf6+ Kg7 33. Qd2 h5 34. Rc1 Rb3 35. f3 Qa8 36. Qc2 Nf4 37. Nxd5 Qxd5 38. Rf1 Re3 39. Qd2 Qb3 40. d5 Ne2+ 41. Kh2 Rxe5 42. Re1 Qxd5 43. Bb4 Qxd2 44. Bxd2 Re6 45. Rd1 c6 46. Re1 Nd4 47. Rc1 Nf5 48. Rc4 h4 49. Bc3+ Kh7 50. Bd2 f6 51. Kg1 g5 52. Kf1 Kg6 53. Kf2 Ng3 54. Be3 f5 55. f4 Ne4+ 56. Kf3 gxf4 57. Bxf4 c5 58. Ra4 Rb6 59. Ra8 Rb3+ 60. Be3 Rc3 61. Rg8+ Kf6 62. Kf4 Ke6 63. Re8+ Kf7 64. Re5 Kg6 65. Re6+ Nf6 66. Rc6 Kf7 67. Kxf5 Rxe3 68. Rxf6+ Kg7 69. Rc6 Rg3 70. Rc7+ Kh6 71. Rc6+ Kh7 72. Rxc5 Rxg2 73. Rc4 Kh6 74. Rxh4+ Kg7 75. Rg4+ Rxg4 76. hxg4 Kf7 77. g5 Kg7 78. g6 Kg8 79. Kg5 Kg7 80. Kh5 Kg8 81. Kh6 Kh8 82. Kg5 Kg7 83. Kh5 Kg8 84. Kh6 Kh8 85. g7+ Kg8 86. Kg6 1/2-1/2

[Event "Fagernes op"]
[Site "Fagernes"]
[Date "2024.03.24"]
[Round "1"]
[White "Gorshtein, Ido"]
[Black "Krishnan, Ritvik"]
[Result "1-0"]
[WhiteElo "2539"]
[BlackElo "2277"]
[PlyCount "120"]
[EventDate "2024.03.24"]
[EventType "swiss"]
[EventRounds "9"]
[EventCountry "NOR"]
[SourceTitle "CB14_2024"]
[SourceDate "2024.04.01"]
[SourceVersion "1"]
[SourceVersionDate "2024.04.01"]
[SourceQuality "1"]

1. c4 c5 2. Nf3 Nc6 3. Nc3 g6 4. e3 Nf6 5. d4 cxd4 6. exd4 d5 7. cxd5 Nxd5 8. Qb3 Nxc3 9. Bc4 Nd5 10. Bxd5 e6 11. Bxc6+ bxc6 12. 0-0 Qd5 13. Qxd5 cxd5 14. Bf4 f6 15. Rfc1 g5 16. Bg3 Be7 17. Nd2 Bd7 18. Nb3 Bd8 19. Bc7 Ke7 20. Bxd8+ Rhxd8 21. Rc3 h5 22. Nc5 Rdc8 23. Re1 Rc6 24. h4 g4 25. Re2 Rac8 26. b4 Rb6 27. Ra3 Rc7 28. Rb3 Kd6 29. Rbe3 Ke7 30. a3 Kf7 31. f4 Bc8 32. Kf2 Kg6 33. g3 Kf5 34. Rb2 a6 35. Ke1 Bd7 36. Kd2 Bb5 37. a4 Bc4 38. Kc3 Rc8 39. Rb1 Rcc6 40. Rbe1 Rd6 41. Rb1 Rd8 42. Ree1 Ra8 43. Rb2 Ra7 44. Ra1 Ra8 45. b5 axb5 46. a5 Rc6 47. Kb4 Ra7 48. Re1 Rd6 49. Rbb1 Rc6 50. Ra1 Rd6 51. Ra3 Rc6 52. Rae3 Kg6 53. Rxe6 Rxe6 54. Rxe6 Kf5 55. Re8 Rg7 56. a6 Ra7 57. Ka5 b4 58. Kb6 Rxa6+ 59. Nxa6 b3 60. Re1 b2 1-0

[Event "Sitges Sunway op 10th"]
[Site "Sitges"]
[Date "2023.12.12"]
[Round "1"]
[White "Gorshtein, Ido"]
[Black "Schoffelmeer, Frans"]
[Result "1-0"]
[WhiteElo "2523"]
[BlackElo "2060"]
[PlyCount "44"]
[EventDate "2023.12.12"]
[EventType "swiss"]
[EventRounds "10"]
[EventCountry "ESP"]
[SourceTitle "CB52_2023"]
[SourceDate "2023.12.27"]
[SourceVersion "1"]
[SourceVersionDate "2023.12.27"]
[SourceQuality "1"]

1. d4 Nf6 2. c4 e6 3. Nc3 Bb4 4. e3 d5 5. a3 Bxc3+ 6. bxc3 c5 7. cxd5 exd5 8. Bd3 0-0 9. Ne2 Re8 10. 0-0 Nc6 11. f3 b6 12. Ra2 c4 13. Bb1 h5 14. h3 h4 15. e4 dxe4 16. Bg5 e3 17. Qe1 Ne7 18. Bxf6 gxf6 19. Qxh4 Ng6 20. Qh6 f5 21. Ng3 Qh4 22. Nh5 Qf6 1-0

[Event "Titled Tuesday intern op 09th May Late"]
[Site "Chess.com INT"]
[Date "2023.05.09"]
[Round "9"]
[White "Tologontegin, Semetey"]
[Black "Gorshtein, Ido"]
[Result "1-0"]
[WhiteElo "2372"]
[BlackElo "2514"]
[PlyCount "61"]
[EventDate "2023.05.09"]
[EventType "swiss (blitz)"]
[EventRounds "11"]
[EventCountry "USA"]
[SourceTitle "CBM 214 Extra"]
[Source "ChessBase"]
[SourceDate "2023.07.31"]
[SourceVersion "1"]
[SourceVersionDate "2023.07.31"]
[SourceQuality "1"]

1. Nf3 c5 2. e3 Nc6 3. d4 cxd4 4. exd4 d5 5. h3 Bf5 6. Bd3 Bg6 7. 0-0 e6 8. c3 Bd6 9. Re1 Nge7 10. Bg5 f6 11. Bh4 Bf7 12. Nbd2 Qc7 13. Nf1 0-0-0 14. b4 g5 15. Bg3 h5 16. N3d2 Rdg8 17. Bxd6 Qxd6 18. b5 Na5 19. Qa4 b6 20. Nb3 Kd8 21. Nxa5 bxa5 22. Qxa5+ Ke8 23. Qxa7 Kf8 24. Qc5 Qd7 25. b6 h4 26. Ne3 Kg7 27. a4 Ng6 28. Bxg6 Bxg6 29. a5 Rc8 30. Qb4 f5 31. b7 1-0

[Event "ITA-chT GpA 54th"]
[Site "Bacoli"]
[Date "2023.04.27"]
[Round "4"]
[White "Gorshtein, Ido"]
[Black "Predke, Alexandr"]
[Result "1/2-1/2"]
[WhiteElo "2514"]
[BlackElo "2685"]
[PlyCount "38"]
[EventDate "2023.04.25"]
[EventType "team-tourn"]
[EventRounds "7"]
[EventCountry "ITA"]
[SourceTitle "CBM 213 Extra"]
[Source "ChessBase"]
[SourceDate "2023.05.31"]
[SourceVersion "1"]
[SourceVersionDate "2023.05.31"]
[SourceQuality "1"]
[WhiteTeam "Carrera Don Pietro"]
[BlackTeam "Padova Obiettivo"]
[WhiteTeamCountry "ITA"]
[BlackTeamCountry "ITA"]

1. d4 Nf6 2. c4 e6 3. Nf3 d5 4. Nc3 Be7 5. Bf4 0-0 6. e3 c5 7. dxc5 Bxc5 8. cxd5 Nxd5 9. Nxd5 exd5 10. a3 Nc6 11. Bd3 Bd6 12. Bxd6 Qxd6 13. 0-0 Qf6 14. Qd2 Rd8 15. Rfd1 Bg4 16. Be2 d4 17. Nxd4 Nxd4 18. exd4 Bxe2 19. Qxe2 Rxd4 1/2-1/2